书目信息 |
| 题名: |
船体结构与强度设计
|
|
| 作者: | 刘向东 主编 | |
| 分册: | ||
| 出版信息: | 北京 人民交通出版社 2007.02 |
|
| 页数: | 242页 | |
| 开本: | 26cm | |
| 丛书名: | ||
| 单 册: | ||
| 中图分类: | U66 | |
| 科图分类: | ||
| 主题词: | 船体强度 , 船体结构 | |
| 电子资源: | ||
| ISBN: | 978-7-114-06270-4 | |
| 000 | 00999nam0 2200265 450 | |
| 001 | 003403695 | |
| 005 | 20100806095647.85 | |
| 010 | @a978-7-114-06270-4@dCNY28.00 | |
| 090 | @aU663@blxd | |
| 100 | @a20100515d2007 em y0chiy50 ea | |
| 101 | 0 | @achi |
| 102 | @aCN@b110000 | |
| 105 | @ay a 000yy | |
| 200 | 1 | @a船体结构与强度设计@Achuan ti jie gou yu qiang du she ji@f刘向东主编@Fliu xiang dong zhu bian |
| 210 | @a北京@c人民交通出版社@d2007.02 | |
| 215 | @a242页@d26cm | |
| 300 | @a普通高等教育“十一五”国家级规划教材 交通职业教育教学指导委员会推荐教材 高等职业院校船舶技术类专业教学用书 船舶工程技术专业 | |
| 320 | @a有书目 (第242页) | |
| 330 | @a本书共分十章,主要内容包括:单跨梁的弯曲理论、力法、位移法、能量法、稳定性、有限元法基础、船舶静置在波浪上的剪力和弯矩计算、总纵强度计算、船体型材剖面设计、船体结构规范设计等。 | |
| 606 | 0 | @a船体强度 |
| 606 | 0 | @a船体结构 |
| 690 | @aU66@v4 | |
| 701 | 0 | @a刘向东@Aliu xiang dong@4主编 |
| 801 | @c20100515 | |
| 905 | @dU66@eL690@f5 | |
| 船体结构与强度设计/刘向东主编.-北京:人民交通出版社,2007.02 |
| 242页;26cm |
| 普通高等教育“十一五”国家级规划教材 交通职业教育教学指导委员会推荐教材 高等职业院校船舶技术类专业教学用书 船舶工程技术专业 |
| ISBN 978-7-114-06270-4:CNY28.00 |
| 本书共分十章,主要内容包括:单跨梁的弯曲理论、力法、位移法、能量法、稳定性、有限元法基础、船舶静置在波浪上的剪力和弯矩计算、总纵强度计算、船体型材剖面设计、船体结构规范设计等。 |
| ● |
| 相关链接 |
|
|
|
正题名:船体结构与强度设计
索取号:U66/L690
 
预约/预借
| 序号 | 登录号 | 条形码 | 馆藏地/架位号 | 状态 | 备注 |
| 1 | 997773 | 209977738 | 自科库501/501自科库 59排1列4层/ [索取号:U66/L690] | 在馆 | |
| 2 | 997774 | 209977747 | 自科库501/501自科库 59排1列4层/ [索取号:U66/L690] | 在馆 | |
| 3 | 997775 | 209977756 | 自科库501/501自科库 59排1列4层/ [索取号:U66/L690] | 在馆 | |
| 4 | 997776 | 209977765 | 自科库501/501自科库 59排1列4层/ [索取号:U66/L690] | 在馆 | |
| 5 | 997777 | 209977774 | 自科库501/501自科库 59排1列4层/ [索取号:U66/L690] | 在馆 |